000
00266pam a2200121 a 4500
020
_c
041
_a
eng
100
_a
R.R Coomber.
245
_a
Balance Camil Forword
_h
Textual Documents
260
_a
New York
_b
Penguin Books Ltd
300
_a
264p.
930
_a
15274
999
_c
92174
_d
92174